[Event "SVK-chT3B2 2223"]
[Site "Slovakia"]
[Date "2022.10.23"]
[Round "1.7"]
[White "Gajdos, Marek"]
[Black "Pis, Jozef"]
[Result "1-0"]
[WhiteElo "1625"]
[BlackElo "1394"]
[PlyCount "85"]
[EventDate "2022.10.23"]
[EventType "team-tourn"]
[EventRounds "11"]
[EventCountry "SVK"]
[SourceTitle "EXT 2024"]
[Source "ChessBase"]
[SourceDate "2023.10.10"]
[SourceVersion "1"]
[SourceVersionDate "2023.10.10"]
[SourceQuality "1"]
[WhiteTeam "Chynorany"]
[BlackTeam "Prievidza II"]
[WhiteTeamCountry "SVK"]
[BlackTeamCountry "SVK"]

1. d4 Nf6 2. c4 g6 3. Nc3 Bg7 4. e4 0-0 5. e5 Ne8 6. Be3 d6 7. f4 dxe5 8. fxe5 c5 9. Nf3 cxd4 10. Qxd4 Qa5 11. Qc5 Qc7 12. Nd5 Qxc5 13. Bxc5 Nc6 14. Nxe7+ Kh8 15. Nxc6 bxc6 16. Bxf8 Bxf8 17. Bd3 Bb4+ 18. Ke2 Bb7 19. a3 Ba5 20. b4 Bc7 21. c5 Ng7 22. Bc4 Rf8 23. Rhf1 h6 24. Kf2 Bc8 25. Kg1 Nf5 26. Rae1 Kg7 27. g4 Ne7 28. h3 g5 29. Nd4 a5 30. Nf5+ Nxf5 31. gxf5 axb4 32. axb4 Rd8 33. e6 fxe6 34. fxe6 Bf4 35. e7 Re8 36. Be6 Bxe6 37. Rxe6 Kf7 38. Rxc6 Rxe7 39. Rxh6 Kg7 40. Ra6 Re2 41. Rd1 Re7 42. c6 Kf8 43. Ra8+ 1-0

[Event "SVK-chT3B2 1819"]
[Site "Slovakia"]
[Date "2018.10.21"]
[Round "1.8"]
[White "Gajdos, Marek"]
[Black "Lukac, Jozef1111"]
[Result "1-0"]
[WhiteElo "1569"]
[BlackElo "1528"]
[PlyCount "129"]
[EventDate "2018.10.21"]
[EventType "team-tourn"]
[EventRounds "11"]
[EventCountry "SVK"]
[SourceTitle "CBM 189 Extra"]
[Source "ChessBase"]
[SourceDate "2019.06.03"]
[SourceVersion "1"]
[SourceVersionDate "2019.06.03"]
[SourceQuality "1"]
[WhiteTeam "Chynorany"]
[BlackTeam "Lehota pod Vtacnikom"]
[WhiteTeamCountry "SVK"]
[BlackTeamCountry "SVK"]

1. d4 Nf6 2. c4 e6 3. a3 c5 4. d5 d6 5. Nc3 g6 6. e4 Bg7 7. Bf4 0-0 8. Qd2 Re8 9. Bd3 a6 10. Bg5 Nbd7 11. Nf3 Qb6 12. 0-0 exd5 13. exd5 Ne5 14. Nxe5 dxe5 15. Rfe1 Qc7 16. Re2 Bd7 17. Rae1 Ng4 18. g3 f5 19. f3 Nf6 20. Bc2 Qb6 21. b3 Qd6 22. Na2 Kh8 23. Bh6 Re7 24. Bg5 Ree8 25. b4 Ng8 26. Be3 cxb4 27. axb4 b5 28. c5 Qc7 29. c6 Bc8 30. Rc1 a5 31. Bc5 Bf8 32. Qc3 Bxc5+ 33. Qxc5 Qa7 34. Qxa7 Rxa7 35. d6 Rd8 36. d7 Ne7 37. dxc8Q Rxc8 38. Rxe5 Rxc6 39. Rxb5 Rac7 40. Rc5 Rxc5 41. bxc5 Rxc5 42. Ba4 Re5 43. Kf2 Kg7 44. Re1 Kf6 45. Rxe5 Kxe5 46. Ke3 Nd5+ 47. Kd3 g5 48. Bc6 Ne7 49. Be8 Ng8 50. Nc1 Nf6 51. Bc6 h5 52. Nb3 f4 53. Nxa5 fxg3 54. hxg3 h4 55. Nc4+ Kf5 56. Ne3+ Kg6 57. g4 Ng8 58. Ke2 Ne7 59. Be4+ Kf6 60. Nd5+ Nxd5 61. Bxd5 Ke5 62. Be4 Kf4 63. Kf2 Ke5 64. Ke3 Kf6 65. f4 1-0

[Event "SVK-chT3B2 1718"]
[Site "Slovakia"]
[Date "2018.01.21"]
[Round "8.7"]
[White "Gajdos, Marek"]
[Black "Dubnicka, Ferdinand"]
[Result "1-0"]
[WhiteElo "1527"]
[BlackElo "1487"]
[PlyCount "98"]
[EventDate "2017.10.08"]
[EventType "team-tourn"]
[EventRounds "11"]
[EventCountry "SVK"]
[SourceTitle "EXT 2019"]
[Source "ChessBase"]
[SourceDate "2018.10.10"]
[SourceVersion "1"]
[SourceVersionDate "2018.10.10"]
[SourceQuality "1"]
[WhiteTeam "Chynorany"]
[BlackTeam "Dubnica nad Vahom III"]
[WhiteTeamCountry "SVK"]
[BlackTeamCountry "SVK"]

1. d4 f5 2. c4 d5 3. cxd5 Qxd5 4. Nc3 Qd7 5. Bf4 e6 6. e3 a6 7. Nf3 Nc6 8. a3 h6 9. d5 exd5 10. Qxd5 Nf6 11. Qxd7+ Bxd7 12. Bxc7 b5 13. b4 Be7 14. Bg3 0-0 15. Ne5 Nxe5 16. Bxe5 Bc6 17. f3 Rfd8 18. Bd4 Rd7 19. Bd3 f4 20. Bf5 Rdd8 21. Bb6 Re8 22. e4 Bd8 23. Bc5 Bc7 24. Kf2 Be5 25. Rac1 Rad8 26. Rhd1 Bxc3 27. Rxd8 Rxd8 28. Rxc3 Rd2+ 29. Kf1 Bb7 30. Bf2 Ne8 31. Bg6 Rd8 32. Bxe8 Rxe8 33. Rc7 Bc8 34. g3 Bh3+ 35. Ke2 fxg3 36. hxg3 Be6 37. Bd4 Bc4+ 38. Ke3 g5 39. Rg7+ Kf8 40. Rg6 Re6 41. Bg7+ Kf7 42. Rxe6 Bxe6 43. Bxh6 Kf6 44. f4 g4 45. f5 Bc4 46. Kf4 Be2 47. e5+ Kf7 48. e6+ Ke7 49. Ke5 Bc4 1-0

[Event "SVK-chT3B2 1516"]
[Site "Slovakia"]
[Date "2015.10.11"]
[Round "1.5"]
[White "Gajdos, Marek"]
[Black "Maslak, Peter"]
[Result "0-1"]
[WhiteElo "1569"]
[BlackElo "1359"]
[PlyCount "100"]
[EventDate "2015.10.11"]
[EventType "team-tourn"]
[EventRounds "11"]
[EventCountry "SVK"]
[SourceTitle "CBM 170 Extra"]
[Source "ChessBase"]
[SourceDate "2016.02.25"]
[SourceVersion "1"]
[SourceVersionDate "2016.02.25"]
[SourceQuality "1"]
[WhiteTeam "Chynorany"]
[BlackTeam "Nemsova Horne Srnie"]
[WhiteTeamCountry "SVK"]
[BlackTeamCountry "SVK"]

1. d4 d5 2. Nc3 Nf6 3. g3 e6 4. Bg2 Bd6 5. e4 dxe4 6. Nxe4 Nxe4 7. Bxe4 h6 8. Ne2 Nd7 9. Be3 Nf6 10. Bf3 c6 11. Qd2 Bd7 12. 0-0-0 b5 13. g4 a5 14. g5 hxg5 15. Bxg5 Rxh2 16. Nc3 Rxh1 17. Rxh1 Bf8 18. Rh8 a4 19. Ne4 Nxe4 20. Rxf8+ Kxf8 21. Bxe4 f6 22. Bf4 g5 23. Bd6+ Kf7 24. Qe2 Qh8 25. c4 f5 26. Be5 Qh7 27. Bg2 b4 28. d5 cxd5 29. cxd5 Rc8+ 30. Kd2 Qh6 31. Qa6 g4+ 32. Kd3 Qc1 33. dxe6+ Bxe6 34. Qb7+ Ke8 35. Qxb4 Bc4+ 36. Kd4 Qd1+ 37. Ke3 Qe2+ 38. Kf4 Qxf2+ 39. Kg5 Qxg2 40. Bf6 Qe2 41. Qxa4+ Bb5 42. Qb3 Qd2+ 43. Kg6 Bc4 44. Qa4+ Qd7 45. Qa5 Bf7+ 46. Kg5 Be6 47. a4 g3 48. Qe5 Kf7 49. Bh8 Qd2+ 50. Kh5 Rxh8+ 0-1